Movies Quiz

Random Movies or Actor Quiz

Will Arnett Movie Characters Quiz Stats

Quiz not verified by Sporcle

Challenge
Share
Tweet
Embed
Score 0/29 Timer 06:00
0 Plays Today
Movie Character % Correct
The LEGO Batman MovieBatman
95.5%
The Lego MovieBatman
95.5%
The Nut Job 2: Nutty by NatureSurly
50%
The Nut JobSurly
50%
Horton Hears a Who!Vlad
27.3%
Monsters vs. AliensThe Missing Link
22.7%
RatatouilleHorst
22.7%
Despicable MeMr. Perkins
18.2%
The Brothers SolomonJohn Solomon
18.2%
Teenage Mutant Ninja Turtles: Out of the ShadowsVernon Fenwick
9.1%
Teenage Mutant Ninja TurtlesVernon Fenwick
9.1%
Blades of GloryStranz Van Waldenberg
9.1%
G-ForceKip Killian
4.5%
On BroadwayTom
4.5%
Let's Go to PrisonNelson Biederman IV
4.5%
Movie Character % Correct
Monster-in-LawKit
4.5%
Close UpDave
4.5%
Show DogsFrank
0%
The Secret World of ArriettyPod
0%
Jonah HexLieutenant Grass
0%
When in RomeAntonio
0%
Spring BreakdownTed
0%
The RockerLex
0%
Semi-ProLou Redwood
0%
RVTodd Mallory
0%
The Acting ClassWill Bennett
0%
The Waiting GameLenny
0%
The Broken GiantEzra Caton
0%
SouthieWhitey
0%

You're not logged in!

Compare scores with friends on all Sporcle quizzes.
Sign Up with Email
OR
Log In

You Might Also Like...

Show Comments

Extras

Top Quizzes Today


Score Distribution

Your Account Isn't Verified!

In order to create a playlist on Sporcle, you need to verify the email address you used during registration. Go to your Sporcle Settings to finish the process.